000 00284nam a22001337a 4500
008 170911b xxu||||| |||| 00| 0 eng d
020 _a9780131816572
041 _aeng
080 _a91
100 _a91
101 _aGJEO
245 _aWORLD STUDIES
_cJACOBS,H.H
942 _2udc
_cBK
999 _c26962
_d26962